| 000 | 00651nam a2200217Ia 4500 | ||
|---|---|---|---|
| 005 | 20250508170013.0 | ||
| 008 | 008 250505s9999 xx 000 0 eng d | ||
| 020 | _a978-1-138-05516-2 | ||
| 037 | _aReference | ||
| 040 |
_aFEDL _beng _cFEDL |
||
| 041 |
_aeng _2eng |
||
| 084 |
_a808.02, PEC/RR _qFEDL |
||
| 100 |
_aPecorari Diane Ed. _9782680 |
||
| 245 | 0 | _aStudent plagiarism in higher education: Reflections on teaching practice | |
| 260 |
_aLondon, UK _bRoutledge _c2019 |
||
| 300 | _ax, 179p. | ||
| 365 |
_aGBP _b29.99 |
||
| 700 |
_a Shaw Philip Ed. _9782681 |
||
| 942 |
_cREF _h808.02, PEC/RR |
||
| 999 |
_c1398625 _d1398625 |
||